| 000 | 00787nam a2200241 4500 | ||
|---|---|---|---|
| 001 | 120892 | ||
| 003 | ES-MaACL | ||
| 005 | 20250111062531.0 | ||
| 007 | t| | ||
| 008 | 070214s1985 sp r ||||1| spa d | ||
| 020 | _a84-339-1725-0 | ||
| 100 | 1 |
_aPombo, Álvaro. _9138657 |
|
| 245 | 1 | 0 |
_aRelatos sobre la falta de sustancia / _cAlvaro Pombo ; prólogo de José Luis L. Aranguren. |
| 250 | _a2º. ed. rev. | ||
| 260 |
_aBarcelona : _bAnagrama, _c1985. |
||
| 300 |
_a188 p. ; _c20 cm. |
||
| 490 | 1 |
_aNarrativas hispánicas ; _v25 |
|
| 700 | 1 |
_aAranguren, José Luis L., _d1909-1996 _922315 |
|
| 830 | 0 | 0 |
_aNarrativas hispánicas (Anagrama) _v25 _9178124 |
| 852 |
_aES-MaACL _jL-10443 _bR.112377 |
||
| 852 |
_aES-MaACL _jL-9538 _bR.110780 |
||
| 999 |
_c120892 _d120892 |
||